Regioni per partecipazioni in Serie A - Statistics

Statistiche generali
  • Questo quiz è stato fatto 33 volte
  • Il punteggio medio è 11 su 16
Statistiche sulle risposte
Partecipazioni totali Numero squadre Regione % Corretto
323 12 Lombardia
100%
175 3 Lazio
93%
207 6 Piemonte
93%
173 9 Emilia-Romagna
86%
145 7 Toscana
86%
133 4 Liguria
68%
110 6 Veneto
68%
95 4 Campania
64%
59 3 Puglia
61%
43 1 Sardegna
61%
51 3 Sicilia
61%
77 2 Friuli-Venezia Giulia
54%
18 2 Marche
54%
7 1 Abruzzo
50%
19 3 Calabria
50%
15 2 Umbria
39%
Nessun quiz corrispondente trovato
Distribuzione punteggi
Percentuale di utenti per punteggio
Percentile per numero di risposta
I tuoi punteggi nel tempo
Non hai fatto questo quiz